| Tag |
First Indicator |
Second Indicator |
Subfields |
| LEADER |
00000cam a2200000 a 4500 |
| 001 |
in00001810921 |
| 005 |
20151025194424.0 |
| 008 |
031201s2003 enkac 001 0 eng |
| 015 |
|
|
|a GBA3-V5199
|
| 020 |
|
|
|a 3527306811
|
| 029 |
0 |
|
|a UKM
|b bA3V5199
|
| 035 |
|
|
|a (OCoLC)ocm52785538
|
| 040 |
|
|
|a UKM
|c UKM
|d TXA
|d UtOrBLW
|
| 049 |
|
|
|a TXAM
|
| 082 |
0 |
4 |
|a 615.1900285
|2 22
|
| 090 |
|
|
|a QD39.3.E46
|b C445 2003
|
| 245 |
0 |
0 |
|a Chemoinformatics :
|b a textbook /
|c Johann Gasteiger, Thomas Engel (eds.).
|
| 264 |
|
1 |
|a Weinheim :
|a :
|b Wiley-VCH ;
|c [2003]
|
| 264 |
|
2 |
|a [Chichester] :
|b [John Wiley] (distributor),
|
| 264 |
|
4 |
|c ©2003
|
| 300 |
|
|
|a xxx, 649 pages :
|b illustrations, portraits ;
|c 25 cm.
|
| 336 |
|
|
|a text
|b txt
|2 rdacontent
|
| 337 |
|
|
|a unmediated
|b n
|2 rdamedia
|
| 338 |
|
|
|a volume
|b nc
|2 rdacarrier
|
| 504 |
|
|
|a Includes bibliographical references and index.
|
| 650 |
|
0 |
|a Cheminformatics.
|
| 700 |
1 |
|
|a Gasteiger, J.
|q (Johann)
|
| 700 |
1 |
|
|a Engel, Thomas,
|c Dr.
|
| 948 |
|
|
|a cataloged
|b h
|c 2004/1/12
|d c
|e jgreene
|f 4:44:59 pm
|
| 994 |
|
|
|a E0
|b TXA
|
| 999 |
|
|
|a MARS
|
| 999 |
f |
f |
|s 4bd5b7d2-1e15-3ae9-a4ad-93873167b1e9
|i be0a968c-6a75-382c-aeb8-ae99de14f589
|t 0
|
| 952 |
f |
f |
|p normal
|a Texas A&M University
|b College Station
|c Sterling C. Evans Library
|d Evans: Library Stacks
|t 0
|e QD39.3.E46 C445 2003
|h Library of Congress classification
|i unmediated -- volume
|m A14831215619
|
| 998 |
f |
f |
|a QD39.3.E46 C445 2003
|t 0
|l Evans: Library Stacks
|